000 00420nam a2200193Ia 4500
003 OSt
005 20251125120846.0
008 250729s1896 xx 000 0 und d
020 _a978-0666569103
040 _cAL
041 _aeng
082 _a421 ROWD
100 _aRowton Fredric
_9224791
245 _aDebator
260 _aLondon
_c1896
300 _a304p
650 _aEnglish
_9224792
942 _2ddc
_cBED
999 _c236590
_d236590